000 00694cab a2200205 4500
001 ABS41367
008 090401t1989 xxu||||| |||| 00| 0 eng d
035 _a(Sirsi) u29743
041 _aeng
100 _aBar-Hillel, Mira
245 _aGrand view from Trafalgar Square
260 _c1989
350 _a0
490 _aChartered Surveyor Weekly
_v28(12) 28 September 1989, 41(1)
520 _aReports on progress on redevelopment of the Grand Buildings site at Trafalgar Square . The scheme incorporates a modern office building behind a replica of the original facades.
650 _aSTEEL FRAME
690 _aBUILDING AND CONSTRUCTION-PROJECTS
942 _n0
948 _c04/03/1997
999 _c20003
_d20003